1516 1548 1056 1279 1514 1205 1066 1501 1302 1919 1905 1851 1661 1959 1555 1728 1776 1243 1658 1999 1232 1144 1525 1143 1687 1240 1868 1625 1443 1972 1597 1069 1975 1204 1834 1804 1408 1365 1594 1760 1570 1873 1091 1967 1081 1532 1637 1050 1914 1243 1458 1814 1996 1800 1687 1871 1559 1695 1241 1184 1599 1000 1318 1848 1306 1980 1138 1630 1973 1724 1989 1917 1338 1198 1272 1902 1099 1107 1954 1650 1046 1023 1422 1319 1082 1053 1638 1620 1581 1556 1200 1725 1360 1719 1789 1572 1997 1020 1248 BCNSPRNW ULIB Ver.6.0+V

เปลี่ยนเป็นภาษาไทย

Change to English
 แสดงรายละเอียดบรรณานุกรม
  กลับหน้าหลัก

Brief Record : Get Marc (ISO 2709) : E-mail record : QR code < ปิดหน้าต่าง
LEADER : 00000nam 2200000uu 4500
001    13399114743
003     ULIB
008    120511s2552||||th 000 0 tha d
099    ^aวจ.LB1060^bบ611ก
100    ^aบุญสืบ โสโสม
245    ^aกระบวนการพัฒนาวิธีการสอนรายวิชา วิจัยทางการพยาบาล หลักสูตรพยาบาลศาสตร์บัณฑิต:กรณีศึกษาวิทยาลัยพยาบาลบรมราชชนนี พระพุทธบาท /^cบุญสืบ โสโสม จีระวรรณ์ อุคคกิมาพันธุ์ และสุภมาส อดิการกุล
260    ^aสระบุรี :^bวิทยาลัยพยาบาลบรมราชชนี พระพุทธบาท,^c2552
300    ^a54 หน้า
650  7 ^aการเรียนรู้^xวิจัย
650  7 ^aรูปแบบการเรียนรู้^xวิจัย
700 0  ^aจีระวรรณ์ อุคคกิมาพันธุ์
700 0  สุภมาศ อดิการกุล
710 1  ^aวิทยาลัยพยาบาลบรมราชชนี พระพุทธบาท
945    ^p0^l0^i031743
995    ^aเกษร
999    ^aใช้งานได้ทุกระบบ
รายการนี้ยังไม่มีแท็ก
คุณยังไม่ได้ล็อกอิน คุณสามารถมีกิจกรรมร่วมกับเว็บไซต์ได้ แต่ต้องล็อกอินก่อน ::
  ล็อกอิน

รายการสื่อสารสนเทศ

ลำดับที่ ประเภท เลขเรียก/บาร์โค้ด สถานที่ สถานะ
- ไม่พบข้อมูล -

BibComment


ยังไม่เคยถูกคอมเมนท์

คอมเมนท์ทรัพยากรรายการนี้
  คอมเมนท์: กระบวนการพัฒนาวิ..


 Copyright 2026. Bcnsprnw @Library